00491nam a2200145Ia 4500008004100000020001800041040002900059050002300088100002800111245003600139260003100175942000700206952011700213999001500330221221s9999 xx 000 0 und d a0-07-301837-6 cChuka University Library aBSL 686 bM34 2006 aMaher, Michael W.92637 0aFundamentals of cost accounting aMcgraw hill bBostonc2006 cBK 001040708LGLaCHKbCHKcBSLd2022-12-21l0oBSL 686 .M34 2006p4042/2009r2022-12-21 00:00:00w2022-12-21yBK c3536d3536